000 00637nam a2200193 a 4500
001 000035814
005 20200930074632.0
008 111114s1966 es 000 0 spa d
040 _aDO-SdBNP
_bspa
_cBNPHU
100 1 _aTomasi de Lampedusa, Giuseppe
_961769
240 1 0 _aIl Gattopardo
245 1 3 _aEl gatopardo /
_cGiuseppe Tomasi de Lampedusa ; truducción Fernando Gutiérrez.
250 _a16 ed.
260 _aBarcelona :
_bEditora Noguer,
_c1966.
300 _a287 p. ;
_c20 cm.
590 _aPerteneció a la biblioteca personal de Juan Isidro Jimenes Grullón
700 1 2 _aGutiérrez, Fernando
_etr.
_94139
049 _aBNPD
999 _c35305
_d35305